000 00381nam a2200169Ia 4500
001 11053
003 IN-NITTTR
005 20251114233103.0
008 251113s9999||||xx |||||||||||||| ||eng||
040 _beng
040 _cIN-NITTTR
041 _aeng
082 _a697 L266C
100 _aLangley, Billy C.
245 0 _aComfort heating /
_cLangley, Billy C.
942 _2ddc
_cBK
999 _c13689
_d13689